les meilleurs buteur de la tête en club au 21eme siecle - Statistiques

Statistiques générales
  • Ce quiz a été pris 190 fois
  • Le résultat moyen est 11 sur 20
Statistiques - réponses
rang nationalité Réponse buts % Correct
1 Portugal Cristiano Ronaldo 112
100%
3 Pologne Robert Lewandowski 83
95%
18 France Olivier Giroud 52
87%
13 Suede Zlatan Ibrahimovic 58
87%
10 France Karim Benzema 59
84%
8 Bosnie-Herzegovine Edin Dzeko 62
83%
20 Belgique Romelu Lukaku 51
83%
12 Uruguay Edinson Cavani 58
81%
16 Angleterre Harry Kane 53
79%
9 Croatie Mario Mandzukic 60
67%
5 Colombie Radamel Falcao 71
64%
11 Allemagne Miroslav Klose 58
61%
15 Algerie Islam Slimani 53
48%
17 Espagne Sergio Ramos 52
48%
14 Angleterre Peter Crouch 56
27%
2 Pays-bas Luuk de Jong 84
25%
7 Espagne Aritz Aduriz 63
9%
6 Pays-bas Bas Dost 68
5%
19 France Guillaume Hoarau 51
2%
4 Espagne Fernando lorente 77
1%
Aucun quiz correspondant
Distribution des résultats
% des personnes avec chaque résultat
Percentile par nombre de réponses
Votre historique - résultats
Vous n’avez pas pris ce quiz